[Event "Berlin Neukoelln op 7th"]
[Site "Berlin"]
[Date "2001.06.01"]
[Round "4"]
[White "Semme, Lothar"]
[Black "Amin, Said"]
[Result "0-1"]
[WhiteElo "1555"]
[BlackElo "1793"]
[PlyCount "100"]
[EventDate "2001.05.11"]
[EventType "swiss"]
[EventRounds "7"]
[EventCountry "GER"]
[SourceTitle "EXT 2022"]
[Source "ChessBase"]
[SourceDate "2021.10.06"]
[SourceVersion "1"]
[SourceVersionDate "2021.10.06"]
[SourceQuality "1"]

1. d4 d5 2. Nf3 Nf6 3. c4 e6 4. Nc3 Be7 5. e3 0-0 6. Bd3 c5 7. cxd5 Nxd5 8. 0-0 cxd4 9. exd4 Nxc3 10. bxc3 h6 11. Ne5 Nd7 12. Nxd7 Bxd7 13. Qg4 Bg5 14. Qe4 f5 15. Qxb7 Bf6 16. Re1 Qc8 17. Qb3 Rb8 18. Qc2 Bb5 19. Bf4 Bxd3 20. Qxd3 Rb6 21. Rab1 Qa6 22. Qxa6 Rxa6 23. Be5 Rxa2 24. Bxf6 Rxf6 25. Ra1 Rxa1 26. Rxa1 Rf7 27. Ra6 Rc7 28. Ra3 Kf7 29. Kf1 Ke7 30. Ke2 Kd7 31. Kd3 Kc8 32. c4 Rb7 33. c5 Kb8 34. Rc3 Rb2 35. Rc2 Rxc2 36. Kxc2 g5 37. Kd3 Kc7 38. Kc4 Kc6 39. f3 h5 40. g3 f4 41. gxf4 gxf4 42. Kb4 h4 43. h3 a6 44. Kc4 a5 45. Kb3 e5 46. Kc4 exd4 47. Kxd4 a4 48. Kc4 a3 49. Kb3 Kxc5 50. Kxa3 Kd4 0-1